Quizzes
Events
Quiz Creation
Community
Videos
Private Events
Remove Ads
Sign In
Join for FREE
Feedback
Dark Mode
Quiz Categories
Sports
Geography
Music
Movies
Television
Just For Fun
Miscellaneous
History
Literature
Language
Science
Gaming
Entertainment
Religion
Holiday
For Kids
Quiz Lab
Recent
Popular Today
Quiz Kudos Today
Editor Picks
Curator Picks
Quizzes by...
Day
Popularity
Type
Ratings
Length
Year
Community
Subscriptions
Recent Discussions
Orange Saloon
Badges
Playlists
Quests
Create
Leaderboards
Showdown
Live 5
Trivia Bingo
Activity
Puzzle Library
Sporcle Events
Private Events
Virtual Trivia
Globe League
Become a Host
Pub Owners
SporcleCon
Opinionation
Our Games
Videos
Blog
Mobile Apps
Partnerships
Remove Ads and Go Orange
Feedback
Music
Pop Music
The Beatles
Song
Album
Lyrics
Bands
Singers
Artist
Clip
Rock
Rap
Classical
Billboard
Country Music
Kpop
Taylor Swift
Music
Pop Music
The Beatles
Song
Album
Lyrics
Bands
Singers
Artist
Clip
Rock
Rap
Classical
Billboard
Country Music
Kpop
Taylor Swift
Random Quiz
Search Sporcle
×
Quiz Lab
Quiz Lab
Music
Song
Type in answers that appear in a list
Type in answers that appear in a list
Classic
Best Score? Go Orange.
Sheamus wwe theme song Stats
Can you name the lyrics to sheamus theme song?
By
OrochiMaruWWE
10m
194 Questions
1,065 Plays
1,065 Plays
1,065 Plays
Comments
Comments
Give Quiz Kudos
Give Quiz Kudos
-
- Ratings
hide this ad
Replay
Link that replays current quiz
Next Quiz
Link to next quiz in quiz playlist
You Got
0%
They Got
Avg Score
43%
Avg Friend Score
Upgrade to see
Score Distribution
Jump to the score distribution portion of the page
Score
0/194
Timer
10:00
0
Plays Today
% Correct
it
81.8%
it
81.7%
it
81.7%
it
81.7%
it
81.7%
it
81.7%
the
81.5%
a
81.5%
A
81.5%
and
81.5%
and
81.5%
And
81.5%
And
81.5%
the
81.5%
the
81.5%
a
81.5%
The
81.5%
and
81.5%
the
81.5%
The
81.5%
the
81.5%
and
81.5%
and
81.5%
and
81.5%
And
81.5%
And
81.5%
the
81.5%
the
81.5%
a
81.5%
shame
73.7%
It's
69.1%
it's
69%
It's
69%
It's
69%
he,
64.8%
to
62.5%
to
62.5%
to
62.5%
to
62.5%
You
62.4%
you
62.3%
you
62.3%
you
62.3%
you
62.3%
you
62.3%
you
62.3%
you
62.3%
you
62.3%
man
60.6%
be
53.2%
head.
52.3%
in
50.8%
in
50.8%
in
50.8%
dead!
50.8%
lost
50.4%
your
50.3%
your
50.3%
your
50.3%
your
50.3%
your
50.3%
your
50.3%
your
50.3%
up
49.5%
up
49.5%
% Correct
many
49%
many
49%
lies,
48.8%
lies!
48.8%
words
48%
words
48%
words
48%
believe
47.7%
believe
47.7%
believe-
47.7%
believe,
47.7%
wind
47.5%
wind
47.5%
are
47.2%
are
47.2%
are
47.2%
too
46.7%
too
46.7%
written
46.6%
written
46.6%
written
46.6%
face
46.1%
face,
46.1%
face,
46.1%
my
45.6%
my
45.6%
my
45.6%
my
45.6%
careless
44.9%
of
44%
of
44%
of
44%
that
42.7%
that
42.7%
make
40.9%
make
40.9%
who
39.8%
wear
39.3%
wear
39.3%
wear
39.3%
I'll
38.7%
I'll
38.7%
I'll
38.7%
some
38.6%
for
38.3%
for
38.3%
kind
37.3%
like
37%
Hell!!!!!!!!!!
36.8%
Hell!!!!!!!!!!!!!
36.7%
true,
36%
true,
36%
sin
35%
These
34.7%
These
34.7%
will
34.6%
will
34.6%
will
34.6%
will
34.6%
will
34.6%
will
34.6%
prize-
33.6%
could
33%
see
32.3%
see
32.3%
% Correct
straight
32%
straight
32%
I
31.5%
I
31.5%
I
31.5%
his
31.2%
fight
29.7%
fight
29.7%
well,
27.5%
well...
27.5%
Read
27.2%
their
26.4%
eyes,
26.2%
eyes-
26.2%
just
24.5%
just
24.5%
ride
24%
ride
24%
them?
23.5%
them!
23.5%
breathe!
22%
breathe.
22%
shadows
21.7%
shadows
21.7%
devil
20.6%
devil
20.6%
when
20.4%
when
20.4%
struggle
19.3%
on
19.3%
struggle
19.3%
comes
18.8%
comes
18.8%
air
18.7%
cowardice
18.7%
air
18.7%
cowardice
18.7%
break
18.3%
All
18.1%
all!!!!!!!!!!
18.1%
as
17.2%
as
17.2%
day,
16.8%
rise!
16.6%
land
16.4%
seas
16.2%
sky!
15.6%
final
14.4%
end
13.5%
Why
13.3%
burns
13.3%
breaks
12.1%
breaks
12.1%
callin,
11.9%
callin,
11.9%
ties.
11.1%
ties.
11.1%
rage
10.9%
broken
10.5%
earthly
8.6%
earthly
8.6%
beliefs
8.5%
fall-
8.5%
cause
7.1%
Quiz Playlist
Details
Report
Send in Message
Add To Playlist
Classic:
Type in answers that appear in a list
Last Updated: Feb 16, 2017
Quiz Scoreboard
CHALLENGE
Sign Up to Join the Scoreboard
Show All
Scores
Hide
Comments
May contain spoilers
Recently Published
Movies - When Are They Set?
by FPL_Elf
Movies
5m
Popular People in 1961
by mucciniale
History
6m
1-10 Letter E Words III
by El_Dandy
Language
2m
More to Explore
Quiz From the Vault
Featured Blog Post
Where Did the Easter Bunny Come From?
hide this ad
You Might Also Like...
Tags
Lyrics Quiz
Song Quiz
WWE Quiz
shemu
theme
Today's Top Quizzes in Music
Browse Music
hide this ad
Today's Top Quizzes in Song
Browse Song
Top Contributed Quizzes in Music
1
Taylor Swift All Songs (2024)
2
2010s Album by Cover III
3
One Thing in Common: Music
4
Guess the Artist- 70s Songs
5
Taylor Swift Logic Puzzle
6
Guess the Taylor Swift song (Mystery Song)
7
2010s Album by Cover IV
8
2010s Album by Cover V
9
KPOP LOGIC QUIZ
10
2010s Album by Cover VI
Explore More
Trending Topics
Harry Potter
NBA
Marvel
Anime
Kpop
Crossword
Disney
WWE
Song
Country
NFL
Puzzle
Soccer
The Office
Pokémon
hide this ad
More By:
OrochiMaruWWE
Quiz
Plays
Rating
Category
Featured
Created
WWE Pic quiz
1,202
1.92
Miscellaneous
Mar 23, 2010
sheamus wwe theme song
1,065
2.13
Music
May 6, 2010
WWE Famous Tag Teams
998
2.38
Miscellaneous
Mar 23, 2010
Metallica Lyric Quiz
561
1.04
Music
Mar 23, 2010
wwe finishers
331
1.40
Television
Mar 29, 2010
Go to Creator's Profile
Score Distribution
Quiz Creator Spotlight
OrochiMaruWWE
Follow
Send a Message
Quizzes Created
-
Created Quiz Play Count
-
More By This Creator
Popular Quizzes Today
1
Find the Countries of Europe - No Outlines Minefield
2
Find the US States - No Outlines Minefield
3
The Countries of the World
4
Popular People in 1961
5
US States
6
1-10 Letter E Words III
7
Find the US States
8
One Thing in Common: World Cities II
More Music Quizzes
#1 Song to Artist Match-Up (2018)
Published
Trending Quizzes
Risky Map Clicking: Least Populous States A-Z
1-10 Letter F Words
1-10 Letter G Words
One Thing in Common: United Kingdom
Risky Map Clicking: Next State Alphabetically
Recently Updated
Leaping Animals
pecheneg
Reality TV Shows (A-Z)
bhenderson79
Rickey Henderson's Hall of Fame Teammates
pecheneg
Champions League XIs: Arsenal
pecheneg
Quick Pick: Celebrities in WWE's Hall of Fame
aduchscher
A-Z Keypad Blitz II
pecheneg
Multiple Oscar Actors
pecheneg
Mystery Phrase Blitz: Oscar 'Best Actors'
pecheneg
F. Scott Fitzgerald Novels
LTH
Pick 3 Villains
ddd62291
Trending Topics
NBA
Crossword
Kpop
Disney
Harry Potter
Anime
Marvel
The Office
Puzzle
Song
Country
Soccer
WWE
NFL
Pokémon
Your Account Isn't Verified!
In order to create a playlist on Sporcle, you need to verify the email address you used during registration. Go to your
Sporcle Settings
to finish the process.
Report this User
Report this user for behavior that violates our
Community Guidelines
.
Details:
Send Report
Go to the Sporcle.com Mobile Site →
Comments